| 000 | 00409 a2200133 4500 | ||
|---|---|---|---|
| 003 | Nust | ||
| 005 | 20170207163619.0 | ||
| 040 | _cNust | ||
| 082 | _a799 | ||
| 245 |
_aAllied Officer YO`S 46 Meet With A-Comdt Photographs 2013 (Soft Copy) _cMCS |
||
| 260 |
_aRawalpindi _bMCS _c31-10-2013 |
||
| 650 | _aPictures of Allied Officer YO`S 46 Meet With A-Comdt Photographs 2013 ,(CD-NO 23,Vol-V) | ||
| 651 | _a Sweet Memories-MCS | ||
| 942 | _cBK | ||
| 999 |
_c207525 _d207525 |
||